| 000 | 00371nam a2200109Ia 4500 | ||
|---|---|---|---|
| 005 | 20251222143115.0 | ||
| 008 | 251222s9999||||xx |||||||||||||| ||spa|| | ||
| 082 | _a352.148.5/D44 | ||
| 245 | 0 | _aEl Proceso de Ratificación de Ordenanzas que Aprueban Arbitrios Municipales en Lima y Callao (Ejercicios fiscales 2002 al 2006) | |
| 264 | _bDefensorÃa del Pueblo | ||
| 942 | _cLIB | ||
| 999 |
_c11306 _d11306 |
||